Places To Study

There are group study rooms, individual study carrels, computer labs, and other spaces to study in the Libraries.

Reserve A Group Room

Online Resources

Access thousands of eBooks, audiobooks, and online journals from the comfort of your home.

Explore Resources

Events and Workshops

Join our upcoming events and workshops to enhance your skills and knowledge.

View Events

My Burma : (Record no. 2769)

MARC details
000 -LEADER
fixed length control field 00679nam a22002057a 4500
003 - CONTROL NUMBER IDENTIFIER
control field OSt
005 - DATE AND TIME OF LATEST TRANSACTION
control field 20251221144218.0
008 - FIXED-LENGTH DATA ELEMENTS--GENERAL INFORMATION
fixed length control field 251221b |||||||| |||| 00| 0 eng d
040 ## - CATALOGING SOURCE
Transcribing agency DCL
082 ## - DEWEY DECIMAL CLASSIFICATION NUMBER
Classification number 923.1591
100 0# - MAIN ENTRY--PERSONAL NAME
Personal name Ba U,
Titles and words associated with a name U
245 10 - TITLE STATEMENT
Title My Burma :
Remainder of title the autobiography of a President /
Statement of responsibility, etc. U Ba U; With a foreword by J. S. Furnivall.
260 ## - PUBLICATION, DISTRIBUTION, ETC.
Place of publication, distribution, etc. New York :
Name of publisher, distributor, etc. Taplinger Publishing,
Date of publication, distribution, etc. 1959.
300 ## - PHYSICAL DESCRIPTION
Extent Xi, 206 pages :
Other physical details illustrations ;
Dimensions 20 cm.
600 ## - SUBJECT ADDED ENTRY--PERSONAL NAME
Personal name Ba U, U,
Dates associated with a name 1887-1963
General subdivision Biography
650 ## - SUBJECT ADDED ENTRY--TOPICAL TERM
Topical term or geographic name entry element Presidents
Geographic subdivision Myanmar
General subdivision Biography
650 ## - SUBJECT ADDED ENTRY--TOPICAL TERM
Topical term or geographic name entry element Statesmen
Geographic subdivision Burma
General subdivision Biography
700 1# - ADDED ENTRY--PERSONAL NAME
Personal name Furnivall, J. S.
Relator term foreword
942 ## - ADDED ENTRY ELEMENTS (KOHA)
Source of classification or shelving scheme Dewey Decimal Classification
Koha item type Short Term
Suppress in OPAC No
Holdings
Withdrawn status Lost status Source of classification or shelving scheme Damaged status Not for loan Collection Accession No. Home library Current library Shelving location Date acquired Total checkouts Full call number Barcode Date last seen Price effective from Koha item type
    Dewey Decimal Classification     English Collection 4384 Dhammadhara Dhammadhara English Shelves 21/12/2025   923.1591 Ba 4384 EB00004384 21/12/2025 21/12/2025 Short Term